Les maudits de la Lande / (Record no. 128763)
[ view plain ]
| 000 -LEADER | |
|---|---|
| campo de control de longitud fija | 00391nam a2200145 i 4500 |
| 001 - NÚMERO DE CONTROL | |
| campo de control | 128763 |
| 003 - IDENTIFICADOR DE NÚMERO DE CONTROL | |
| campo de control | ES-MaACL |
| 007 - CAMPO FIJO DE DESCRIPCIÓN FÍSICA--INFORMACIÓN GENERAL | |
| campo de control de longitud fija | t| |
| 008 - DATOS DE LONGITUD FIJA--INFORMACIÓN GENERAL | |
| campo de control de longitud fija | 070524s1974 fr ||||1| fre d |
| 100 1# - ENTRADA PRINCIPAL--NOMBRE DE PERSONA | |
| Nombre de persona | Tavernier, René. |
| 9 (RLIN) | 109423 |
| 245 14 - MENCIÓN DEL TÍTULO | |
| Título | Les maudits de la Lande / |
| Mención de responsabilidad, etc. | René Tavernier. |
| 260 ## - PUBLICACIÓN, DISTRIBUCIÓN, ETC. | |
| Lugar de publicación, distribución, etc. | [París : |
| Nombre del editor, distribuidor, etc. | Rombaldi, |
| Fecha de publicación, distribución, etc. | 1974] |
| 300 ## - DESCRIPCIÓN FÍSICA | |
| Extensión | 251 p. ; |
| Dimensiones | 20 cm. |
| 852 ## - LOCALIZACIÓN | |
| Ubicación | ES-MaACL |
| Número de control de estantería | E-6899 |
| Sublocalización o colección | R.91461 |
| Estatus retirado | Estado de pérdida | Estado de daño | No para préstamo | Biblioteca de origen | Biblioteca actual | Ubicación en estantería | Fecha de adquisición | Fuente de adquisición | Total de préstamos | Signatura topográfica completa | Código de barras | Visto por última vez | Precio de reemplazo | Tipo de ítem Koha |
|---|---|---|---|---|---|---|---|---|---|---|---|---|---|---|
| Biblioteca del Ateneo de Madrid | Biblioteca del Ateneo de Madrid | Depósito 2 | 17/01/2008 | E-6899 | 1134097 | 23/02/2023 | 23/02/2023 | Libro impreso |
